000 00607cam a2200193 4500500
005 20260329005842.0
041 _afre
042 _adc
100 1 0 _aDegiovanni, Clara
_eauthor
245 0 0 _aDeux salles, deux dépenses : reportage dans une salle de sport et dans un nightclub
260 _c2025.
500 _a85
690 _aDépense
690 _anuit
690 _aSport
690 _aTranse
786 0 _nPhilosophie magazine | 190 | 6 | 2025-06-01 | p. 30-31 | 1951-1787
856 4 1 _uhttps://shs.cairn.info/magazine-philosophie-magazine-2025-6-page-30?lang=fr&redirect-ssocas=7080
999 _c1847258
_d1847258